|
|
|
|
| LEADER |
02289nam a2200349 u 4500 |
| 001 |
10041899 |
| 003 |
upatras |
| 005 |
20210117195953.0 |
| 008 |
011127s2000 gr gre |
| 040 |
|
|
|a GR-PaULI
|c GR-PaULI
|
| 041 |
0 |
|
|a gre
|
| 082 |
0 |
4 |
|a 616.47
|
| 084 |
|
|
|a WE 312
|
| 100 |
1 |
|
|a Ζουμπούλης, Παναγιώτης Η.
|9 31124
|
| 245 |
1 |
0 |
|a Ολική αρθροπλαστική ισχίου χωρίς τσιμέντο
|b υπολογιστικός προεγχειρητικός σχεδιασμός (CAD/CAE) και ποσοτικός προσδιορισμός της περιπροσθετικής οστικής αναγέννησης και ανακατασκευής με τη χρήση Q-Spect
|c Παναγιώτης Η. Ζουμπούκης; Πανεπιστήμιο Πατρών, Σχολή Επιστημών Υγείας, Τμήμα Ιατρικής, Ορθοπαιδική Κλινική
|
| 260 |
|
|
|a Πάτρα
|b [χ.ό.]
|c 1997
|
| 300 |
|
|
|a 112 σ.
|b εικ., σχήμ., πίν.
|c 30 εκ.
|
| 500 |
|
|
|a Διδακτορική Διατριβή
|
| 504 |
|
|
|a Περιλαμβάνει παράρτημα και βιβλιογραφία
|
| 650 |
|
4 |
|a Ορθοπεδική
|9 2770
|
| 650 |
|
4 |
|a Χειρουργική
|9 5661
|
| 650 |
|
4 |
|a Βιοϊατρική τεχνολογία
|9 3912
|
| 710 |
2 |
|
|9 2771
|a Πανεπιστήμιο Πατρών
|b Σχολή Επιστημών Υγείας
|b Τμήμα Ιατρικής
|e Σχολή Επιστημών Υγείας
|e Τμήμα Ιατρικής
|e Ορθοπαιδική Κλινική
|
| 852 |
|
|
|a GR-PaULI
|b ΠΑΤΡΑ
|b ΒΚΠ
|b ΒΣ2
|k ΔΙΑΤΡΙΒΗ
|h 617.47 Ζ
|m 060596
|p 025000082157
|t 1
|
| 852 |
|
|
|a GR-PaULI
|b ΠΑΤΡΑ
|b ΙΑΤΡΙΚΗ
|k ΔΙΑΤΡΙΒΗ-10
|h WE 312 ZOY
|m Δ/000744
|p 025000140446
|t 2
|
| 856 |
|
|
|u http://thesis.ekt.gr/11840
|
| 942 |
|
|
|2 ddc
|c BKTD
|
| 952 |
|
|
|0 0
|1 0
|4 0
|6 617_470000000000000_Ζ
|7 0
|9 29589
|a LISP
|b LISP
|c BSC
|d 2016-04-24
|i 060596
|l 0
|o 617.47 Ζ
|p 025000082157
|r 2016-04-24 00:00:00
|t 1
|w 2016-04-24
|y BKTD
|
| 952 |
|
|
|0 0
|1 0
|4 0
|6 WE_312_000000000000000_ZOY
|7 0
|9 29590
|a MEDI
|b MEDI
|d 2016-04-24
|i Δ/000744
|l 0
|o WE 312 ZOY
|p 025000140446
|r 2016-04-24 00:00:00
|t 2
|w 2016-04-24
|y BKTD
|
| 998 |
|
|
|c ΣΑΤΛΑΝΗΣ
|d 2001-11
|
| 998 |
|
|
|c ΠΑΝΑΓΟΠΟΥΛΟΥ
|d 2001-11
|
| 999 |
|
|
|c 18881
|d 18881
|